No Visa Required (US) Quiz Stats

 Plays Quiz Updated Jul 13, 2016

Challenge
Share
Tweet
Embed
Score 0/38 Timer 06:00
4 Plays Today
Country % Correct
United Kingdom
96.1%
France
95.2%
Germany
94%
Spain
93.1%
Italy
91.8%
Sweden
89.9%
Norway
87.7%
Portugal
87.3%
Australia
86.6%
Japan
85.9%
Finland
85.8%
Ireland
85.4%
Switzerland
82.9%
Denmark
82.2%
Austria
80.7%
Netherlands
80.3%
Greece
80.3%
New Zealand
79.3%
Belgium
79.1%
Country % Correct
Iceland
72.9%
Luxembourg
71.9%
Czechia
69.2%
South Korea
66.2%
Hungary
65.1%
Andorra
63.4%
Monaco
62.8%
Slovakia
62.7%
Liechtenstein
61.8%
Latvia
58.7%
Lithuania
57.9%
Slovenia
57.8%
San Marino
57.7%
Estonia
57.2%
Malta
49%
Singapore
38.2%
Taiwan
37.9%
Chile
33.2%
Brunei
12.9%

You're not logged in!

Compare scores with friends on all Sporcle quizzes.
OR
Log In

You Might Also Like...

Show Comments

Extras

Top Quizzes Today


Score Distribution

Your Account Isn't Verified!

In order to create a playlist on Sporcle, you need to verify the email address you used during registration. Go to your Sporcle Settings to finish the process.

Report this User

Report this user for behavior that violates our Community Guidelines.

Details: